Missing Word: Birds Quiz Stats

 Plays Quiz Updated Mar 3, 2016

Challenge
Share
Tweet
Embed
Score 0/16 Timer 03:00
0 Plays Today
Phrase Bird % Correct
Captain Jack _______Sparrow
97.7%
American _____ OutfittersEagle
90.7%
_____ Egg BlueRobin
77.3%
'One Flew Over the ______ Nest'Cuckoos
76.6%
Kitty ____, NCHawk
76.1%
Atlanta ______Falcons
75.6%
Atticus _____Finch
74.6%
Quit Cold ______Turkey
74.5%
Phrase Bird % Correct
Jim ____ LawsCrow
69.7%
______ SamToucan
57.6%
____fruitKiwi
51.4%
Rich '_____' GossageGoose
49.9%
'Legend of the Guardians: The ____ of Ga'Hoole'Owls
46.9%
____ BarDove
25.9%
'With my cross bow / I shot the _________'Albatross
23.8%
'Spot the ______'Pigeon
12.5%

Today's Daily Dose

You're not logged in!

Compare scores with friends on all Sporcle quizzes.
Join for Free
OR
Log In

You Might Also Like...

Show Comments

Extras

Top Quizzes Today


Score Distribution

Your Account Isn't Verified!

In order to create a playlist on Sporcle, you need to verify the email address you used during registration. Go to your Sporcle Settings to finish the process.

Report this User

Report this user for behavior that violates our Community Guidelines.

Details: